Úspěšná vyjednávání o regionálních režimech: Spoločný trh EHS a Mercosur

Pohľad na vznik regionálnych režimov. Analýza vyjednávaní, ktoré predchádzajú zrodu uvedených režimov. Teória medzivládneho vyjednávania. Záujmy štátu. Vyjednávanie o spoločnom trhu EHS. Vyjadnávanie o Mercosure. Úspešnosť vyjednávania o regionálnych režimoch.

Salvato in:
Dettagli Bibliografici
Autore principale: Karlas, Jan
Altri autori: Beneš, Vít
Natura: Capitolo di libro
Lingua:ceco
Soggetti:
Tags: Aggiungi Tag
Nessun Tag, puoi essere il primo ad aggiungerne!!

MARC

LEADER 00000naa$a2200000$$$4500
001 0080312
005 20231016095521.7
041 0 |a cze 
044 |a CZ 
245 1 0 |a Úspěšná vyjednávání o regionálních režimech: Spoločný trh EHS a Mercosur  |c Jan Karlas, Vít Beneš 
520 |a Pohľad na vznik regionálnych režimov. Analýza vyjednávaní, ktoré predchádzajú zrodu uvedených režimov. Teória medzivládneho vyjednávania. Záujmy štátu. Vyjednávanie o spoločnom trhu EHS. Vyjadnávanie o Mercosure. Úspešnosť vyjednávania o regionálnych režimoch. 
610 2 0 |a integrácia ekonomická medzinárodná 
610 2 0 |a integrácia regionálna 
610 2 0 |a vyjednávanie 
610 2 0 |a zoskupenia integračné medzinárodné 
610 2 0 |a trh spoločný 
610 2 0 |a vzťahy medzinárodné 
100 1 |a Karlas, Jan 
700 1 |a Beneš, Vít